000 00863nam a2200277 i 4500
003 DO-SdBNP
005 20260212085459.0
007 ta
008 230519e2022 dr ||||er|||| 001 edspa d
020 _a9789945222319
040 _aDO-SdBNP
_bspa
_cBNPHU
_erda
041 _aspa
082 4 _a920.71
_bC183c 2022
_222
100 1 _aCamilo, Antonio Manuel,
_eautor
_4aut.
_99259
245 1 3 _aEl cáncer que me dio la paz I /
_cAntonio Manuel Camilo.
250 _atercera edición
264 1 _aSanto Domingo :
_bEditora Búho,
_c2022.
300 _a252 páginas ;
_c22 cm.
336 _atexto
_btxt
_2rdaconten
337 _asin medición
_bn
_2rdamedia
338 _avolumen
_bnc
_2rdacarrier
500 _aIncluye datos biográficos del autor en las solapas
500 _aIncluye índice onomástico
590 _aInventariado 2023 / MF
942 _2ddc
_cLBS1
999 _c53581
_d53581